Principles for Progress : Essays on Religion and Modernity by `Abdu'l-Bahá /
| Clasificación: | Libro Electrónico |
|---|---|
| Autor principal: | |
| Otros Autores: | , |
| Formato: | Electrónico eBook |
| Idioma: | Inglés Persian |
| Publicado: |
Baltimore, Maryland :
Project Muse,
2018
|
| Colección: | Iranian studies series (Leiden, Netherlands)
Book collections on Project MUSE. |
| Temas: | |
| Acceso en línea: | Texto completo |
MARC
| LEADER | 00000cam a22000004a 4500 | ||
|---|---|---|---|
| 001 | musev2_60186 | ||
| 003 | MdBmJHUP | ||
| 005 | 20230905050203.0 | ||
| 006 | m o d | ||
| 007 | cr||||||||nn|n | ||
| 008 | 180803s2018 ne o 00 0 eng d | ||
| 020 | |a 9789400603202 | ||
| 020 | |z 9789087283070 | ||
| 035 | |a (OCoLC)1048879922 | ||
| 040 | |a MdBmJHUP |c MdBmJHUP | ||
| 041 | 1 | |a eng |h per | |
| 043 | |a a-ir--- | ||
| 050 | 4 | |a BP363 |b .A3 2018 | |
| 100 | 0 | |a ʻAbduʼl-Bahá, |d 1844-1921, |e author. | |
| 240 | 1 | 0 | |a Works. |k Selections. |l English |
| 245 | 1 | 0 | |a Principles for Progress : |b Essays on Religion and Modernity by `Abdu'l-Bahá / |c by Abdu'l-Bahá ; critical editions, translation and introduction by Sen McGlinn. |
| 264 | 1 | |a Baltimore, Maryland : |b Project Muse, |c 2018 | |
| 264 | 3 | |a Baltimore, Md. : |b Project MUSE, |c 2018 | |
| 264 | 4 | |c ©2018 | |
| 300 | |a 1 online resource. | ||
| 336 | |a text |b txt |2 rdacontent | ||
| 337 | |a computer |b c |2 rdamedia | ||
| 338 | |a online resource |b cr |2 rdacarrier | ||
| 490 | 0 | |a Iranian studies series | |
| 500 | |a Issued as part of book collections on Project MUSE. | ||
| 504 | |a Includes bibliographical references (pages [403]-410) and index. | ||
| 505 | 0 | ||
| 506 | |a Access restricted to authorized users and institutions. | ||
| 520 | |||
| 588 | |a Description based on print version record. | ||
| 650 | 0 | |a Leadership |x Religious aspects. | |
| 650 | 0 | |a Political science |x Philosophy. | |
| 650 | 0 | |a Religion and state. | |
| 650 | 0 | |a Religion and politics. | |
| 650 | 0 | |a Babism. | |
| 650 | 0 | |a Civilization. | |
| 650 | 0 | |a Bahai Faith. | |
| 651 | 0 | |a Iran. | |
| 655 | 7 | |a Electronic books. |2 local | |
| 700 | 0 | |i Container of (work): |a ʻAbduʻl-Bahá, |d 1844-1921. |t Risalah-ʻi siyasiyah. |l English. | |
| 700 | 0 | |i Container of (work): |a ʻAbduʻl-Bahá, |d 1844-1921. |t Maqalah-ʻi shakhsi-i sayyah kih dar qa{dbldotb}ziyah-ʻi Bab nivishtah ast. |l English. | |
| 700 | 0 | |i Container of (work): |a ʻAbduʻl-Bahá, |d 1844-1921. |t Asrar al-ghaybiyah li-asbab al-madaniyah. |l English. | |
| 700 | 1 | |a McGlinn, Sen, |e writer of added commentary, |e translator, |e writer of introduction. | |
| 710 | 2 | |a Project Muse, |e distributor. | |
| 776 | 1 | 8 | |i Print version: |z 9087283075 |z 9789087283070 |
| 710 | 2 | |a Project Muse. |e distributor | |
| 830 | 0 | |a Iranian studies series (Leiden, Netherlands) | |
| 830 | 0 | |a Book collections on Project MUSE. | |
| 856 | 4 | 0 | |z Texto completo |u https://projectmuse.uam.elogim.com/book/60186/ |
| 945 | |a Project MUSE - Custom Collection | ||
| 945 | |a Project MUSE - 2018 Complete | ||
| 945 | |a Project MUSE - 2018 Literature | ||
| 945 | |a Project MUSE - 2018 Middle Eastern Studies | ||


